Nachrichten über den jetzigen Zustand der Evangelischen in Ungarn

Bibliographic Details
Main Author: Berzevici, Gregor František, 1763-1822 (Author)
Format: Book
Language:German
PhysicalDescription:205 s.
Published: Leipzig Commission der Kummerschen Buchhandlung 1822
Subjects:

MARC

LEADER 00000cam a2200000 a 4500
001 vtls001324962
003 SK-MaSNL
005 20260301005539.0
008 980318s1822 gw 00000 ger
035 |a SNK000277706 
040 |a SNKHF  |b slo  |c SNK  |e AACR2 
041 0 |a ger 
044 |a gw  |c DE 
072 7 |a 271/279  |x Kresťanské cirkvi, sekty, denominácie  |2 konspekt 
072 7 |a 93/94  |x Dejiny (všeobecne)  |2 konspekt 
080 |a 93/94  |2 2011 
080 |a 274/278-722.7  |2 2011 
100 1 |a Berzevici, Gregor František,  |d 1763-1822  |4 aut  |9 151964 
245 1 |a Nachrichten über den jetzigen Zustand der Evangelischen in Ungarn  |c von Gregor von Berzeviczy 
260 |a Leipzig  |b Commission der Kummerschen Buchhandlung  |c 1822 
300 |a 205 s. 
562 |a Rkp. podpis "E Felix"  |5 SVKPO : A 71887 
650 0 7 |a dejiny  |2 SNKPH  |9 3825 
650 0 7 |a evanjelici  |2 SNKPH  |9 4027 
651 7 |a Uhorsko  |2 SNKPH  |9 28673 
655 7 |a staré tlače  |2 SNKPH  |9 69193 
710 1 |a Commission der Kummerschen Buchhandlung (Lipsko, Nemecko)  |4 pbl  |9 290017 
752 |a Nemecko  |d Lipsko 
852 |a SVKPO  |c Historické fondy  |p A 71887 
852 |a snk  |p SD 3972 D1 
958 |a ONDV 
958 |a DF 
999 |c 545486  |d 547416 
952 |a SNK  |b SNK  |y PREZ  |7 0  |p 17A0891314  |o snkSD 3972  |i snk2015/36  |8 0  |0 0  |1 0  |4 0  |d 2023-11-15  |l 0  |r 2025-11-07 00:00:00  |w 2026-02-23 
952 |a SNK  |b SNK  |y PREZ  |7 0  |p 17A0540291  |o snkSD 3972 D2  |i snkK 625/83  |8 3  |0 0  |1 0  |4 0  |d 2007-02-21  |l 0  |r 2026-02-23 12:53:25  |w 2026-02-23 
952 |a SNK  |b SNK  |y PREZ  |7 0  |p 17A0129533  |o snkSD 3972 D1  |i snkKSK 847/56  |8 3  |0 0  |1 0  |4 0  |d 1998-03-18  |l 0  |r 2005-01-02 00:00:00  |w 2026-02-23